{"text_format":"2","workbook":"xlsx","n_sheets":3,"sheets":["Sheet1","Sheet2","Sheet3"],"not_rendered":{"charts":0,"images":0,"macros":0,"external_links":0,"defined_names":0,"comments":0,"pivot_tables":0},"unopened":[],"bounds":{"document_bytes":16777216,"sheet_cells":100000,"run_cost":"one","rows_first":2000,"rows_last":500,"rows_between":2000,"halvings":0,"cell_chars":16384,"cell_head_chars":4096},"cells_cut":0,"cells_raw":0,"read":"whole","date_system":"1900"}

{"sheet":"Sheet1","index":0,"n_rows":188,"n_cols":10,"rows_kept":188,"cut":false,"hidden":false,"merged":[[134,4,134,6],[136,4,136,6],[8,2,8,9],[31,2,31,9],[116,2,116,9],[42,4,42,6],[48,4,48,6],[66,4,66,6],[72,4,72,6],[78,4,78,6],[113,4,113,6],[2,1,2,9],[4,1,4,9],[121,4,121,6],[131,4,131,6],[132,4,132,6]]}
[]
[]
[null,"Sri Vidhyas Centre for the Special Children "]
[]
[null,"Expenditure Starting From 23rd May 2015 to 31st July 2015"]
[]
[null,"Sl. No","Date","Details","Qty","Unit","Rate","Amount ","Made of Payment ","Details of Bills/Voucher "]
[]
[null,null,"2015-05-01"]
[]
[null,1,"23.05.2015","Mallesh (Mason)",5,"Days",600,3000,"Cash","As Per Voucher "]
[null,2,"23.05.2015","Nirajnan Mason)",6,"days",600,3600,"Cash","As Per Voucher "]
[null,3,"23.05.2015","Ramudu Mason Worker",6,"days",600,3600,"Cash","As Per Voucher "]
[null,4,"23.05.2015","Ramulu Mason Worker",2,"days",600,1200,"Cash","As Per Voucher "]
[null,5,"23.05.2015","Kareppa (Male Labourer)",6,"days",450,2700,"Cash","As Per Voucher "]
[null,6,"23.05.2015","Lakshman (Male Labourer)",6,"days",450,2700,"Cash","As Per Voucher "]
[null,7,"23.05.2015","Shambu (Male Labourer)",6,"days",450,2700,"Cash","As Per Voucher "]
[null,8,"23.05.2015","Suman (Male labourer)",6,"days",450,2700,"cash","As Per Voucher "]
[null,9,"30.05.2015","Padma (Female Labourer)",6,"days",350,2100,"Cash","As Per Voucher "]
[null,10,"30.05.2015","kavitha (Female Labourer)",6,"days",350,2100,"Cash","As Per Voucher "]
[null,11,"30.05.2015","Ramudu Mason Worker",6,"days",600,3600,"Cash","As Per Voucher "]
[null,12,"30.05.2015","Ramudu Mason Worker",6,"days",600,3600,"Cash","As Per Voucher "]
[null,13,"30.05.2015","Nirajnan Mason)",5,"days",600,3000,"Cash","As Per Voucher "]
[null,14,"30.05.2015","Kareppa (Male Labourer)",6,"days",450,2700,"Cash","As Per Voucher "]
[null,15,"30.05.2015","Suman (Male labourer)",5,"days",450,2250,"Cash","As Per Voucher "]
[null,16,"30.05.2015","Shambu (Male Labourer)",6,"days",450,2700,"Cash","As Per Voucher "]
[null,17,"30.05.2015","Badru",6,"days",450,2700,"Cash","As Per Voucher "]
[null,18,"30.05.2015","Lakshman (Male Labourer)",6,"days",450,2700,"Cash","As Per Voucher "]
[null,19,"30.05.2015","Mallesh (Mason)",5,"days",600,3000,"Cash","As Per Voucher "]
[null,20,"30.05.2015","Purchase Electrical items",null,null,null,7886,"Cheque",172]
[]
[null,null,"2015-06-01"]
[null,21,"01.06.2015","yadagiri Barbending Contr",1600,"CFT",10,16000,"Cash","As per voucher"]
[null,22,"01.06.2015","Ram Reddy",11.285,"Tons",1450,16363,"Cash","As per voucher"]
[null,23,"02.06.2015","Narsing Rao",888,"CFT",18,16000,"Cash","As per voucher"]
[null,24,"02.06.2015","Electricals items purchae",null,null,null,3927,"Cash",3041]
[null,25,"02.06.2015","yadagiri Barbending Contr",1750,"CFT",10,17500,"Cash","As per voucher"]
[null,26,"02.06.2015","Ram Reddy",11.285,"Tons",1450,16363,"Cash","As per voucher"]
[null,27,"03.06.2015","Ravi","1 Day ","Ls",1500,1500,"Cash","As per voucher"]
[null,28,"03.06.2015","D. Ramesh","1 Day ","ls",19500,19500,"Cash","As per voucher"]
[null,29,"03.06.2015","G Ramulu","1 Day ","ls",19500,19500,"Cash","As per voucher"]
[null,30,"03.06.2015","Narsing Rao",222,"CFT",18,4000,"Cash","As per voucher"]
[null,31,"04.06.2015","Ravi Electrician","Pipe line  in the slab",null,null,6000,"Cash","As per voucher"]
[null,32,"04.06.2015","Nandu Tent House",1,"Drum",600,600,"Cash","As per voucher"]
[null,33,"04.06.2015","Ram Reddy",6.8,"Tons",1450,10000,"Cash","As per voucher"]
[null,34,"04.06.2015","yadagiri Barbending Contr",832,"CFT",10,8320,"Cash","As per voucher"]
[null,35,"04.06.2015","Ram reddy",15.6,"Tons",1450,22700,"Cheque ","As per voucher"]
[null,36,"06.06.2015","Purchase Cement","15 Kgs",null,null,930,"Cash"]
[null,37,"06.06.2015","Chander Rao","1 Day laying of coloumns ",null,null,5000,"Cash","As per voucher"]
[null,38,"06.06.2015","Narsing Rao",1000,"CFT",18,18000,"Cash","As per voucher"]
[null,39,"06.06.2015","yadagiri Barbending Contr",2000,"CFT",10,20000,"Cash","As per voucher"]
[null,40,"06.06.2015","parvathamma",2,"days",350,700,"Cash","As per voucher"]
[null,41,"06.06.2015","Niranjan",6,"days",600,3000,"Cash","As per voucher"]
[null,42,"06.06.2015","karreppa",6,"days",450,2700,"Cash","As per voucher"]
[null,43,"06.06.2015","Ramudu",5,"days",600,3000,"Cash","As per voucher"]
[null,44,"06.06.2015","lakshman",6,"days",450,2700,"Cash","As per voucher"]
[null,45,"06.06.2015","Suman",6,"days",450,2700,"Cash","As per voucher"]
[null,46,"06.06.2015","Shambu",6,"days",450,2700,"Cash","As per voucher"]
[null,47,"06.06.2015","Anji",2,"days",600,1200,"Cash","As per voucher"]
[null,48,"06.06.2015","Ramulu",3,"days",600,1800,"Cash","As per voucher"]
[null,49,"08.06.2015","yadagiri Barbending Contr",2000,"CFT",10,20000,"Cash","As per voucher"]
[null,50,"08.06.2015"," Goverdhan Reddy",22,"Tons",545,12000,"Cash","As per voucher"]
[null,51,"11.06.2015","Purchase Electric Wire",5,"Mtrs",22,110,"cash","Bill"]
[null,52,"11.06.2015","Purchased Spang",2,"nos",30,60,"Cash","Bill"]
[null,53,"11.06.2015","yadagiri barbending contr",1000,"CFT",10,10000,"Cash","As per voucher"]
[null,54,"11.06.2015","P Venkatesh","3 tankers",null,1600,4800,"Cheque ","As per voucher"]
[null,55,"12.06.2015","G. Sai Kumar","Fabrication of windows ",null,null,10000,"Cheque ","As per voucher"]
[null,56,"13.06.2015","Ramu",6,"days",600,3600,"Cash","As per voucher"]
[null,57,"13.06.2015","Ramudu",6,"days",600,3600,"Cash","As per voucher"]
[null,58,"13.06.2015","parvathamma",6,"days",350,2100,"Cash","As per voucher"]
[null,59,"13.06.2015","Mallesh",6,"days",600,3600,"Cash","As per voucher"]
[null,60,"13.06.2015","Ramulu",4,"days",600,2400,"Cash","As per voucher"]
[null,61,"13.06.2015","Mallesh","Shifting of bricks ",null,null,6500,"Cash","As per voucher"]
[null,62,"13.06.2015","jaya",3,"days",350,1050,"Cash","As per voucher"]
[null,63,"13.06.2015","Suman",5,"days",450,2700,"Cash","As per voucher"]
[null,64,"13.06.2015","Shambu",5,"days",450,2700,"Cash","As per voucher"]
[null,65,"13.06.2015","karreppa",5,"days",450,2700,"Cash","As per voucher"]
[null,66,"13.06.2015","lakshman",5,"days",450,2700,"Cash","As per voucher"]
[null,67,"13.06.2015","Chander Rao concret","laying of coloumns work LS",null,null,14000,"Cash","As per voucher"]
[null,68,"13.06.2015","Narsing Rao",1111,"CFT",18,20000,"Cash","As per voucher"]
[null,69,"15.06.2015","Shree Kishan Tmber",null,null,null,109508,"Cheque ",192]
[null,70,"15.06.2015","Goverdhan Reddy",22,"Tons",545,12000,"Cash","As per voucher"]
[null,71,"16.06.2015","Narsing Rao",1111,"CFT",18,20000,"Cash","As per voucher"]
[null,72,"17.06.2015","P Ashok gouri",null,null,null,3350,"Cash","Bill"]
[null,73,"17.06.2015","Purchased Water","1 Tanker",15,"Ltrs",1600,"Cash",410]
[null,74,"18.06.2015","Shree Kishan Timber",null,null,null,144404,"Cheque ",191]
[null,75,"19.06.2015","Purchased water","1 Tanker",15,"Ltrs",1600,"cash",411]
[null,76,"20.06.2015","Narsing Rao",1111,"CFT",18,20000,"Cash","As per voucher"]
[null,77,"20.06.2015","jaya",6,"days",350,2100,"Cash","As per voucher"]
[null,78,"20.06.2015","Parvathamma",5,"days",350,1750,"Cash","As per voucher"]
[null,79,"20.06.2015","Ramudu",6,"days",600,3600,"Cash","As per voucher"]
[null,80,"20.06.2015","Mallesh",6,"days",600,3600,"Cash","As per voucher"]
[null,81,"20.06.2015","Anji",6,"days",600,3600,"Cash","As per voucher"]
[null,82,"20.06.2015","karreppa",6,"days",450,2700,"Cash","As per voucher"]
[null,83,"20.06.2015","Shambu",6,"days",450,2700,"Cash","As per voucher"]
[null,84,"20.06.2015","Suman",5,"days",450,2250,"Cash","As per voucher"]
[null,85,"20.06.2015","lakshman",3,"days",450,2700,"Cash","As per voucher"]
[null,86,"22.06.2015","Purchased Paint",null,null,null,3000,"Cash","Bill"]
[null,87,"23.06.2015","Goverdhan Reddy",22,"Tons",545,12000,"Cash","As per voucher"]
[null,88,"26.06.2015","Purchased Cement bags",8.5,"Bags",5065.5,49300,"Cheque ",455]
[null,89,"26.06.2015","Purchased Cement bags",8.5,"Bags",5065.5,49300,"Cheque ",456]
[null,90,"26.06.2015","Purchased Cement bags",8.5,"Bags",4890,47600,"Cheque ",724]
[null,91,"26.06.2015","Purchased Cement Bags",8.5,"Bags",4890,47600,"Cheque ",713]
[null,92,"26.06.2015","Purchased Cement bags",8.5,"Bags",5065.5,49300,"Cheque ",612]
[null,93,"27.06.2015","Suman",6,"days",450,2700,"Cash","As per voucher"]
[null,94,"27.06.2015","Shambu",6,"days",450,2700,"Cash","As per voucher"]
[null,95,"27.06.2015","karreppa",3,"days",450,1350,"Cash","As per voucher"]
[null,96,"27.06.2015","Anji",5,"days",600,3000,"Cash","As per voucher"]
[null,97,"27.06.2015","Mallesh",5,"days",600,3000,"Cash","As per voucher"]
[null,98,"27.06.2015","Ramudu",6,"days",600,3600,"Cash","As per voucher"]
[null,99,"27.06.2015","jaya",6,"days",350,2100,"Cash","As per voucher"]
[null,100,"27.06.2015","parvathamma",6,"days",350,2100,"Cash","As per voucher"]
[null,101,"28.06.2015","Goverdhan Reddy",22,"Tons",545,12000,"Cash","As per voucher"]
[null,102,"30.06.2015","Kishore","Un loading of Cement bags",null,null,850,"Cash","As per voucher"]
[null,103,"30.06.2015","Purchased Water","2 Tankers",3000,"Ltrs",3200,"Cheque ",181]
[]
[null,null,"2015-07-01"]
[null,104,"01.07.2015","Bashir (Un loading cement Bags)",null,"ls","ls",850,"Cash","As per voucher"]
[null,105,"01.07.2015","Sampath (Un loading cement bags",null,"ls","ls",850,"Cash","As per voucher"]
[null,106,"02.07.2015","Khader ( Un loading cement bags)",null,"ls","ls",2240,"Cash","As per voucher"]
[null,107,"04.07.2015","Suman Male Labour",4,"Days",450,1800,"Cash","As per voucher"]
[null,108,"04.07.2015","Sattaiah","barbending helper",null,null,1500,"Cash","As per voucher"]
[null,109,"04.07.2015","Mitun",4,"days",450,1800,"Cash","As per voucher"]
[null,110,"04.07.2015","Shambu",4,"Days",450,1800,"Cash","As per voucher"]
[null,111,"04.07.2015","karreppa",4,"Days",450,1800,"Cash","As per voucher"]
[null,112,"04.07.2015","Anji",3,"Days",600,1800,"Cash","As per voucher"]
[null,113,"04.07.2015","Parvathamma",2,"Days",350,700,"Cash","As per voucher"]
[null,114,"04.07.2015","Ramudu",3,"Days",600,1800,"Cash","As per voucher"]
[null,115,"04.07.2015","Mallesh",3,"Days",600,1800,"Cash","As per voucher"]
[null,116,"04.07.2015","jaya",2,"Days",350,700,"Cash","As per voucher"]
[null,117,"05.07.2015","Mallesh","1 Day","ls","ls",3000,"Cash","As per voucher"]
[null,118,"04.07.2015","Ramesh","Concrete laying labour charges ",null,null,5000,"Cash","As per voucher"]
[null,119,"04.07.2015","Ramesh","Concrete laying labour charges ",null,null,16000,"Cash","As per voucher"]
[null,120,"04.07.2015","Ramulu",1000,"Cft",18,18000,"Cash","As per voucher"]
[null,121,"04.07.2015","Kareppa","Meals for labour ",null,null,1000,"Cash","As per voucher"]
[null,123,"05.07.2015","Purchase water","2 Tanks",3000,"Ltrs",3200,"Cash",189]
[null,124,"06.07.2015","Ramudu","Concrete laying labour charges ",null,null,3000,"Cash","As per voucher"]
[null,125,"07.07.2015","Purchased Fevicol",1,"tin",1800,1800,"Cash",378]
[null,126,"07.07.2015","iron purchase",null,null,null,1067,"cash",3062]
[null,127,"09.07.2015","Water purchase","2 Tanks",3000,"ltrs",3200,"Cash",185]
[null,128,"10.07.2015","narsing Rao",1000,"Cft",18,18000,"Cash","As per voucher"]
[null,129,"11.07.2015","Sharma",null,null,null,10000,"Cash","As per voucher"]
[null,130,"12.07.2015","narsing Rao",1000,"Cft",18,18000,"Cash","As per voucher"]
[null,131,"13.07.2015","narsing Rao",1000,"Cft",18,18000,"Cash","As per voucher"]
[null,132,"14.07.2015","narsing Rao",1000,"Cft",18,18000,"Cash","As per voucher"]
[null,133,"15.07.2015","narsing Rao",1000,"Cft",18,18000,"Cash","As per voucher"]
[null,134,"15.07.2015","munilal sharma",null,null,null,5000,"cash","As per voucher"]
[null,135,"15.07.2015","Mallaiah",4,"days",null,2200,"Cash","As per voucher"]
[null,136,"16.07.2015","Bricks",720,"Nos",64.400000000000006,61200,"Cheque",2937]
[null,137,"16.07.2015","bricks",720,"Nos",64.400000000000006,61200,"Cheque",2939]
[null,138,"16.07.2015","Bricks",720,"nos",64.400000000000006,61200,"Cheque",2938]
[null,139,"16.07.2015","Bricks",1800,"pcs",28,66600,"Cheque",2950]
[null,140,"17.07.2015","Ever Green Machinary",null,null,null,472,"Cash",7025]
[null,141,"17.07.2015","Sri Bhavani Enter prises",null,null,null,70,"Cash","Bill"]
[null,142,"18.07.2015","Purchase Water ","2 Tanks",3000,"Ltrs",3200,"Cash",188]
[null,143,"18.07.2015","munilal sharma",null,null,null,15000,"Cash","As per voucher"]
[null,144,"18.07.2015","Shambu",6,"Days",450,2700,"Cash","As per voucher"]
[null,145,"18.07.2015","karreppa",6,"Days",450,2700,"Cash","As per voucher"]
[null,146,"18.07.2015","Anji",6,"Days",600,3600,"Cash","As per voucher"]
[null,147,"18.07.2015","Dass",6,"Days",600,3600,"Cash","As per voucher"]
[null,148,"18.07.2015","Rmudu",6,"Days",600,3600,"Cash","As per voucher"]
[null,149,"18.07.2015","Venkatamma",6,"Days",350,2100,"Cash","As per voucher"]
[null,150,"18.07.2015","Jaya",6,"Days",350,2100,"Cash","As per voucher"]
[null,151,"18.07.2015","Parvathamma",6,"Days",350,2100,"Cash","As per voucher"]
[null,152,"20.07.2015","Purchase painting",null,null,null,2300,"Cash","Bill"]
[null,153,"21.07.2015","Bhavani Enterprises",null,null,null,700,"Cash","Bill"]
[null,154,"25.07.2015","Parvathamma",6,"Days",350,2100,"Cash","As per voucher"]
[null,155,"25.07.2015","jaya",4,"Days",350,1400,"Cash","As per voucher"]
[null,156,"25.07.2015","Suresh",3,"Days",600,1800,"Cash","As per voucher"]
[null,157,"25.07.2015","Guru",4,"Days",600,2400,"Cash","As per voucher"]
[null,158,"25.07.2015","Murali",7,"Days",450,3150,"Cash","As per voucher"]
[null,159,"25.07.2015","lakshmamma",2,"Days",350,700,"Cash","As per voucher"]
[null,160,"25.07.2015","Shambu",5,"Days",450,2250,"Cash","As per voucher"]
[null,161,"25.07.2015","karreppa",7,"Days",450,3150,"Cash","As per voucher"]
[null,162,"25.07.2015","Ramudu",6,"Days",600,3600,"Cash","As per voucher"]
[null,163,"25.07.2015","Anji",5,"Days",600,3000,"Cash","As per voucher"]
[null,164,"25.07.2015","munilal sharma",null,null,null,7000,"Cash","As per voucher"]
[null,165,"25.07.2015","munilal sharma",null,null,null,13000,"Cash","As per voucher"]
[null,166,"25.07.2015","venkatamma",6,"Days",350,2100,"Cash","As per voucher"]
[null,167,"27.07.2015","Ever Green Machinary",null,null,null,1780,"Cash",450]
[null,168,"27.07.2015","Wooden purchase",null,null,null,551,"Cash",480]
[null,169,"27.07.2015","iron purchase",null,null,null,932,"cash",5817]
[null,170,"27.07.2015","Purchase Painting",null,null,null,300,"Cash","Bill"]
[null,171,"29.07.2015","sree shyam",null,null,null,1550,"Cash","As per voucher"]
[null,172,"30.07.2015","abdul Rehaman",5,"Days",600,3000,"Cash","As per voucher"]
[]
[]
[{"$nulls":7},{"$f":"SUM(H7:H187)","v":1590133}]

{"sheet":"Sheet2","index":1,"n_rows":0,"n_cols":0,"rows_kept":0,"cut":false,"hidden":false,"merged":[]}

{"sheet":"Sheet3","index":2,"n_rows":0,"n_cols":0,"rows_kept":0,"cut":false,"hidden":false,"merged":[]}